000 00338nam a2200133 i 4500
001 bg
245 1 0 _aHistoria dyplomacji polskiej.
_nT. 2,
_p1572-1795 /
_cpod red. Z. Wójcika.
260 _aWarszawa,
_c1982.
700 1 _aWójcik, Z.
_eRed.
040 _cBPK
041 _apol
942 _cKS
008 s pl f |000 0 pol
999 _c20727
_d20727
856 _uhttp://koha.tu.koszalin.pl/cgi-bin/koha/opac-detail.pl?biblionumber=20727
_yKatalog online BPK